000 00415nam a22001337a 4500
040 _cNUST
082 _a200 THE
100 _aMUWAHIDA LIAQAT
_9108288
110 _aDR MUHAMMAD BILAL MALIK
_9108289
245 _aTH-SOF-0885-SAMPLED DATA REGULATION BASED ON REALIZABLE RECONSTRUCTION FILTER
260 _aISLAMABAD:
_bNUST COLLEGE OF EME,
_c2014.
650 _aPhD ELECTRICAL ENGINEERING
_984162
942 _2ddc
_cTHE
999 _c593090
_d593090